lyrics Oh Gemini by ROLE MODEL - Statistiques

Statistiques générales
  • Ce quiz a été pris 13 fois
  • Le résultat moyen est 141 sur 243
Statistiques - réponses
Réponse % Correct
I
100%
i
100%
you
100%
remember
88%
my
88%
name
88%
oh
88%
please
88%
remember
88%
your
88%
am
75%
and
75%
but
75%
don't
75%
gemini
75%
in
75%
love
75%
time
75%
to
75%
call
63%
can't
63%
face
63%
from
63%
hesitate
63%
if
63%
I'm
63%
much
63%
on
63%
so
63%
speak
63%
too
63%
me
50%
of
50%
what
50%
wine
50%
without
50%
wonder
50%
any
38%
by
38%
days
38%
end
38%
hanging
38%
harder
38%
help
38%
hold
38%
it
38%
regret
38%
something
38%
still
38%
that
38%
those
38%
up
38%
away
25%
called
25%
curse
25%
devastated
25%
digging
25%
dirty
25%
hands
25%
mine
25%
no
25%
ooh
25%
realise
25%
red
25%
taste
25%
they
25%
threads
25%
we're
25%
yeah
25%
all
13%
aren't
13%
cheap
13%
fifty
13%
honey
13%
levitate
13%
ooh-ooh
13%
out
13%
start
13%
states
13%
then
13%
thinking
13%
trauma
13%
yours
13%
hearing
0%
now
0%
self-medicate
0%
til
0%
voices
0%
Aucun quiz correspondant
Distribution des résultats
% des personnes avec chaque résultat
Percentile par nombre de réponses
Votre historique - résultats
Vous n’avez pas pris ce quiz